| 000 | 00000nam##2200000za#4500 |
| 001 | 9.607860 |
| 003 | CaOODSP |
| 005 | 20230801131725 |
| 007 | cr ||||||||||| |
| 008 | 150406|2011||||xxc|||||o f|0| 0 fre|d |
| 040 | |aCaOODSP|bfre |
| 043 | |an-cn--- |
| 086 | 1 |aPS83-5/R244F-PDF |
| 110 | 2 |aService correctionnel Canada. |bDirection de la recherche. |
| 245 | 10|aValidation du Système informatisé de dépistage des troubles mentaux à l'évaluation initiale (SIDTMEI) dans une population masculine sous responsabilité fédérale / |h[ressource électronique]|cPréparé par : Lynn Stewart. |
| 260 | |aOttawa - Ontario : |bService correctionnel Canada. |cJuin 2011. |
| 300 | |a1p. |
| 490 | 1 |aRecherche en un coup d'oeil|vR-244 |
| 590 | |a14-17-Supp|b2014-10-09 |
| 775 | 08|tValidation of the Computerised Mental Health Intake Screening System (CoMHISS) in a federal male offender population / |w(CaOODSP)9.580962 |
| 830 | #0|aRecherche en un coup d'œil (Service correctionnel Canada)|vR-244|w(CaOODSP)9.503037 |
| 856 | 40|ahttp://publications.gc.ca|qPDF|s180 Ko|uhttps://publications.gc.ca/collections/collection_2014/scc-csc/PS83-5-R244-fra.pdf|yR-244 |